| 000 | 01931nas a2200277Ia 4500 | ||
|---|---|---|---|
| 001 | R050-S3056 | ||
| 003 | IT-CnALBA | ||
| 008 | 170116c99999999xx |||||||||||| ||und|| | ||
| 040 |
_aIT-CnALBA _cIT-CnALBA |
||
| 041 | _aITALIANO | ||
| 100 | _aFALSINI RINALDO, OFM. | ||
| 210 | _aRIVISTA DI PASTORALE LITURGICA | ||
| 222 | _aRIVISTA DI PASTORALE LITURGICA | ||
| 245 | 0 | _aRIVISTA DI PASTORALE LITURGICA. LUGLIO 1974. ORGANO CAL. NUOVO RITO PENITENZA. ESPERIENE STUDI SUSSIDI. | |
| 250 | _a1a ed. | ||
| 260 |
_a BRESCIA _bQUERINIANA EDIT. LIBR. VESC. _c1974 [1° Ed.:1974 - Ed.Ling.Originale: 1974] |
||
| 300 | _a93 p. | ||
| 310 | _aBIMESTRALE | ||
| 362 | _aFascicolo: 65 / Anno: 11 (1974) | ||
| 500 | _aCAVEDO R. LODI E. FAMOSO S. BERGAMINI A. SORCI P. FABBRETTI N. EVOLUZIONE PENITENZA NELLA CHIESA. RICONCILIAZIONE E STORIA SALVEZZA. LA PENITENZA NELLA E DELLA CHIESA. RICONCILIAZIONI INDIVIDUALE, RITO. RICONCILIAZIONE COMUNITARIA CON LA CONFESSIONE E L'ASSOLUZIONE INDIVIDUALE. RICONCILIAZIONE COMUNITARIA CON CONFESSIONE E ASSOLUZIONE GENERALE. PROBLEMATICHE E PROSPETTIVE DELLA RIFORMA PENITENZIALE. DALLA PENITENZA ALLA EUCARISTIA. REAZIONE DELLA STAMPA AL NUOVO ORDO PAENITENTIAE. SCHEMI DI OMELIA. | ||
| 501 | _aSocietà San Paolo EM - Piazza San Paolo, 14 - 12051 ALBA (CN) (non commercial uses only) ® Copyright 2017 | ||
| 520 | _aCAVEDO R. LODI E. FAMOSO S. BERGAMINI A. SORCI P. FABBRETTI N. EVOLUZIONE PENITENZA NELLA CHIESA. RICONCILIAZIONE E STORIA SALVEZZA. LA PENITENZA NELLA E DELLA CHIESA. RICONCILIAZIONI INDIVIDUALE, RITO. RICONCILIAZIONE COMUNITARIA CON LA CONFESSIONE E L'ASSOLUZIONE INDIVIDUALE. RICONCILIAZIONE COMUNITARIA CON CONFESSIONE E ASSOLUZIONE GENERALE. PROBLEMATICHE E PROSPETTIVE DELLA RIFORMA PENITENZIALE. DALLA PENITENZA ALLA EUCARISTIA. REAZIONE DELLA STAMPA AL NUOVO ORDO PAENITENTIAE. SCHEMI DI OMELIA. | ||
| 650 | _aTEOLOGIA PASTORALE | ||
| 942 | _cCR | ||
| 957 | _71 | ||
| 999 |
_a64946 _bNO _g1 _c331642 _d331642 |
||